Computing Essentials: Introduction to Computers (Record no. 5980)

MARC details
005 - DATE AND TIME OF LATEST TRANSACTION
control field 20250628112224.0
020 ## - INTERNATIONAL STANDARD BOOK NUMBER
International Standard Book Number 0-07-830957-3
100 ## - MAIN ENTRY--PERSONAL NAME
Author name NORTON, P
245 ## - TITLE STATEMENT
Title Computing Essentials: Introduction to Computers
250 ## - EDITION STATEMENT
Edition statement 5th Ed.
260 ## - PUBLICATION, DISTRIBUTION, ETC.
Place of publication, distribution, etc. Orion
Name of publisher, distributor, etc. McGraw-Hill
Date of publication, distribution, etc. 2003
300 ## - PHYSICAL DESCRIPTION
Extent xi, 415p.: ill; tables
Other physical details Reviews
Dimensions 29cm
942 ## - ADDED ENTRY ELEMENTS (KOHA)
Source of classification or shelving scheme Dewey Decimal Classification
Koha item type Books
Holdings
Date last seen Total checkouts Full call number Barcode Cost, replacement price Price effective from Koha item type Lost status Source of classification or shelving scheme Damaged status Not for loan Withdrawn status Home library Current library Shelving location Date acquired Source of acquisition Cost, normal purchase price
06/28/2025   001.6 NOR MBY000748 45000.00 06/28/2025 Books   Dewey Decimal Classification       CBE MBEYA CBE MBEYA General Collection 01/30/2010 PURCHASE 15000.00